Statistieken voor Nobelprijzen

Klik hier om de quiz te nemen!

Algemene statistieken

  • Deze quiz is 39 keer genomen
  • De gemiddelde score is 4 van 6

Antwoordstatistieken

Nobelprijs% Correct
Vrede
96%
Scheikunde
85%
Literatuur
78%
Natuurkunde
78%
Economie
37%
Geneeskunde
37%

Scoreverdeling

Percentiel versus Aantal Correcte Antwoorden

Procent van Mensen met Elke Score

Uw Scoregeschiedenis

U heeft deze quiz nog niet genomen